[Event "HUN-chT2 Breyer 1819"]
[Site "Hungary"]
[Date "2019.03.31"]
[Round "8.6"]
[White "Bihari, Mihaly"]
[Black "Ritter, Gabor"]
[Result "1-0"]
[WhiteElo "1931"]
[BlackElo "1989"]
[PlyCount "105"]
[EventDate "2018.10.28"]
[EventType "team-tourn"]
[EventRounds "9"]
[EventCountry "HUN"]
[SourceTitle "EXT 2021"]
[Source "ChessBase"]
[SourceDate "2020.10.23"]
[SourceVersion "1"]
[SourceVersionDate "2020.10.23"]
[SourceQuality "1"]
[WhiteTeam "Budapest HASE"]
[BlackTeam "Vizugy"]
[WhiteTeamCountry "HUN"]
[BlackTeamCountry "HUN"]

1. c4 f5 2. Nc3 Nf6 3. d3 e5 4. g3 Be7 5. Bg2 0-0 6. Nf3 d6 7. 0-0 c6 8. e4 Na6 9. Be3 Qe8 10. Nh4 f4 11. gxf4 exf4 12. Bxf4 Nxe4 13. Bg3 Nxg3 14. fxg3 Rxf1+ 15. Qxf1 Bxh4 16. gxh4 Bd7 17. Qf4 Qe5 18. Rf1 Qxf4 19. Rxf4 Be6 20. Rd4 Rd8 21. Ne4 Nb4 22. a3 Nc2 23. Rxd6 Re8 24. Ng5 Bc8 25. Be4 h6 26. Nf3 Ne3 27. h5 Nf5 28. Rg6 Ne7 29. Rg2 Rf8 30. Nd4 Bd7 31. Nb3 b6 32. Rf2 Rxf2 33. Kxf2 Kf7 34. Kg3 Kf6 35. Kf4 Be8 36. Bf3 Bf7 37. Nd2 c5 38. Bg4 Nc6 39. Ne4+ Ke7 40. Nc3 Kd6 41. Nb5+ Ke7 42. Bf3 Kd7 43. Bxc6+ Kxc6 44. Nxa7+ Kb7 45. Nb5 Bxh5 46. Nd6+ Kc7 47. Nf5 Bg6 48. Ke5 Kd7 49. b4 cxb4 50. axb4 Kc7 51. d4 Bf7 52. d5 b5 53. c5 1-0

[Event "HUN-chT2 Breyer 1819"]
[Site "Hungary"]
[Date "2019.02.10"]
[Round "5.3"]
[White "Bihari, Mihaly"]
[Black "Akots, Gabor"]
[Result "0-1"]
[WhiteElo "1931"]
[BlackElo "2252"]
[PlyCount "120"]
[EventDate "2018.10.28"]
[EventType "team-tourn"]
[EventRounds "9"]
[EventCountry "HUN"]
[SourceTitle "CBM 189 Extra"]
[Source "ChessBase"]
[SourceDate "2019.06.03"]
[SourceVersion "1"]
[SourceVersionDate "2019.06.03"]
[SourceQuality "1"]
[WhiteTeam "Budapest HASE"]
[BlackTeam "Naszaly Geniusz Tata"]
[WhiteTeamCountry "HUN"]
[BlackTeamCountry "HUN"]

1. c4 e5 2. Nc3 Nc6 3. g3 g6 4. Bg2 Bg7 5. e3 d6 6. Nge2 h5 7. h3 h4 8. g4 f5 9. f3 Be6 10. d3 Nge7 11. e4 Nd4 12. Nxd4 exd4 13. Ne2 Qd7 14. Bg5 fxe4 15. fxe4 Be5 16. Nf4 Bxf4 17. Bxf4 0-0-0 18. Bg5 Rdf8 19. Bxe7 Qxe7 20. Qd2 Rf7 21. 0-0-0 Rhf8 22. Rdf1 Rxf1+ 23. Rxf1 Rxf1+ 24. Bxf1 Qf6 25. Qe2 g5 26. Bg2 Kd7 27. Qf1 Qxf1+ 28. Bxf1 Ke7 29. Kd2 Kf6 30. Ke2 Ke5 31. Kf3 c6 32. a3 b6 33. b4 b5 34. cxb5 cxb5 35. Be2 Bb3 36. Kf2 Kf4 37. Bf3 Bc2 38. Be2 Bb3 39. Bf3 Ba4 40. Be2 Bc2 41. Bf1 Bd1 42. Bg2 Bc2 43. Bf1 Bd1 44. Bg2 a6 45. e5 dxe5 46. Bb7 Ba4 47. Bc6 Bc2 48. Be4 Bxd3 49. Bxd3 e4 50. Bf1 d3 51. Bg2 e3+ 52. Ke1 Kg3 53. Bb7 d2+ 54. Ke2 d1Q+ 55. Kxd1 Kf2 56. Bxa6 e2+ 57. Kc2 e1Q 58. Bxb5 Qe3 59. Bd3 Ke1 60. Kc3 Qc1+ 0-1

[Event "Budapest-chT1 Lilienthal 1718"]
[Site "Budapest"]
[Date "2018.04.15"]
[Round "13"]
[White "Gyorgydeak, Tibor"]
[Black "Bihari, Mihaly"]
[Result "0-1"]
[WhiteElo "1790"]
[BlackElo "1936"]
[PlyCount "40"]
[EventDate "2017.10.01"]
[EventType "team-tourn"]
[EventRounds "13"]
[EventCountry "HUN"]
[SourceTitle "EXT 2021"]
[Source "ChessBase"]
[SourceDate "2020.10.23"]
[SourceVersion "1"]
[SourceVersionDate "2020.10.23"]
[SourceQuality "1"]
[WhiteTeam "Siraly"]
[BlackTeam "Fabulon"]
[WhiteTeamCountry "HUN"]
[BlackTeamCountry "HUN"]

1. e4 c5 2. Nf3 Nc6 3. d4 cxd4 4. Nxd4 g6 5. Nc3 Bg7 6. Be3 Nf6 7. f3 0-0 8. Qd2 d5 9. exd5 Nb4 10. Bc4 Nbxd5 11. Nxd5 Nxd5 12. 0-0-0 Nxe3 13. Qxe3 Qb6 14. c3 e5 15. Nc2 Qxe3+ 16. Nxe3 Bh6 17. Rhe1 Kg7 18. Kb1 Bxe3 19. Rxe3 f6 20. Red3 Bf5 0-1

[Event "Budapest op 3rd"]
[Site "Budapest"]
[Date "2013.08.18"]
[Round "2"]
[White "Juhasz, Mark"]
[Black "Bihari, Mihaly"]
[Result "1-0"]
[WhiteElo "2154"]
[BlackElo "2004"]
[PlyCount "120"]
[EventDate "2013.08.17"]
[EventType "swiss"]
[EventRounds "9"]
[EventCountry "HUN"]
[SourceTitle "CBM 156 Extra"]
[Source "ChessBase"]
[SourceDate "2013.10.22"]
[SourceVersion "1"]
[SourceVersionDate "2013.10.22"]
[SourceQuality "1"]

1. Nf3 Nf6 2. c4 Nc6 3. d4 e6 4. g3 Bb4+ 5. Bd2 Bxd2+ 6. Nbxd2 d5 7. Bg2 0-0 8. Qc2 a5 9. 0-0 Qe7 10. Rac1 Nb4 11. Qb1 c6 12. a3 Na6 13. e4 dxe4 14. Nxe4 h6 15. Nc3 Rb8 16. Ne5 Nd7 17. Ne4 c5 18. Nxd7 Bxd7 19. d5 exd5 20. cxd5 Bf5 21. Rfe1 Qd7 22. Qd3 Rbd8 23. Qc4 Bxe4 24. Rxe4 b5 25. Qe2 Rfe8 26. a4 Rxe4 27. Bxe4 Nc7 28. Rxc5 bxa4 29. Rxa5 Ne8 30. Qd1 Nf6 31. Bf3 Qb7 32. Qxa4 Qxb2 33. Ra8 Rxa8 34. Qxa8+ Kh7 35. d6 Qe5 36. Qd8 Qe1+ 37. Kg2 Ne4 38. Qb6 Nf6 39. Qd4 Qe8 40. Bd1 Qa8+ 41. Kg1 Qb7 42. Ba4 Qb1+ 43. Kg2 Qb7+ 44. f3 Qa6 45. d7 Qe2+ 46. Qf2 Qe7 47. Qd2 Qd8 48. Qc2+ g6 49. Qc8 Qe7 50. Qe8 Qxe8 51. dxe8Q Nxe8 52. Bxe8 Kg7 53. h4 Kf8 54. Ba4 Kg7 55. Kf2 Kf6 56. Bb3 Kg7 57. Ke3 Kf8 58. Kf4 Ke7 59. h5 Kf6 60. Bc4 g5+ 1-0

[Event "HUN-chT2 Toth 1213"]
[Site "Hungary"]
[Date "2012.12.02"]
[Round "5.5"]
[White "Tamas, Kornel"]
[Black "Bihari, Mihaly"]
[Result "1/2-1/2"]
[WhiteElo "1997"]
[BlackElo "2028"]
[PlyCount "87"]
[EventDate "2012.09.16"]
[EventType "team-tourn"]
[EventRounds "11"]
[EventCountry "HUN"]
[SourceTitle "EXT 2014"]
[Source "ChessBase"]
[SourceDate "2013.11.20"]
[SourceVersion "1"]
[SourceVersionDate "2013.11.20"]
[SourceQuality "1"]
[WhiteTeam "Gyula"]
[BlackTeam "Abony"]
[WhiteTeamCountry "HUN"]
[BlackTeamCountry "HUN"]

1. d4 Nf6 2. Nf3 g6 3. g3 Bg7 4. Bg2 0-0 5. 0-0 d5 6. c4 dxc4 7. Na3 c6 8. Nxc4 Nbd7 9. Nfe5 Nxe5 10. Nxe5 Nd7 11. Nxd7 Qxd7 12. e3 e5 13. d5 cxd5 14. Qxd5 Qxd5 15. Bxd5 Rb8 16. e4 b6 17. Bg5 Bb7 18. Rfd1 Bxd5 19. Rxd5 f6 20. Be3 Rfd8 21. Rad1 Rxd5 22. Rxd5 Rb7 23. Kf1 Bf8 24. b3 Kf7 25. Ke2 Rc7 26. Bd2 Ke6 27. Kd3 Bc5 28. f4 Bd6 29. b4 Rc8 30. a4 f5 31. Rb5 fxe4+ 32. Kxe4 Rc4+ 33. Kd3 Rc6 34. a5 exf4 35. Bxf4 bxa5 36. bxa5 a6 37. Rb7 Bxf4 38. gxf4 Kf5 39. Rxh7 Rc5 40. Rf7+ Ke6 41. Rb7 Rxa5 42. Ra7 Ra4 43. Ke3 Ra2 44. Kf3 1/2-1/2

[Event "HUN-chT2 Toth 1112"]
[Site "Hungary"]
[Date "2012.03.11"]
[Round "7.5"]
[White "Kovacs, Robert"]
[Black "Bihari, Mihaly"]
[Result "1-0"]
[WhiteElo "2100"]
[BlackElo "2048"]
[PlyCount "69"]
[EventDate "2011.09.25"]
[EventType "team-tourn"]
[EventRounds "11"]
[EventCountry "HUN"]
[SourceTitle "EXT 2013"]
[Source "ChessBase"]
[SourceDate "2012.11.22"]
[SourceVersion "1"]
[SourceVersionDate "2012.11.22"]
[SourceQuality "1"]
[WhiteTeam "Karcag"]
[BlackTeam "Abony"]
[WhiteTeamCountry "HUN"]
[BlackTeamCountry "HUN"]

1. e4 c5 2. Nf3 Nc6 3. d4 cxd4 4. Nxd4 Nf6 5. Nc3 g6 6. Nxc6 bxc6 7. e5 Ng8 8. Bc4 Bg7 9. Qf3 e6 10. Bf4 Ne7 11. 0-0 0-0 12. Ne4 Nd5 13. Bg5 Qa5 14. Bxd5 exd5 15. Nf6+ Kh8 16. Qh3 h5 17. g4 d6 18. Qh4 Qb5 19. c3 Qc4 20. f4 Bxf6 21. Bxf6+ Kg8 22. gxh5 Qe2 23. hxg6 Qg4+ 24. Qxg4 Bxg4 25. g7 Rfe8 26. Kf2 Re6 27. Rg1 Bf5 28. Rg5 Bh7 29. Rag1 dxe5 30. fxe5 Rb8 31. b3 c5 32. Rh5 Rbb6 33. Rxh7 Rxf6+ 34. exf6 Rxf6+ 35. Ke2 1-0

[Event "HUN-chT2 Toth 1112"]
[Site "Hungary"]
[Date "2011.11.27"]
[Round "4.6"]
[White "Mike, Peter"]
[Black "Bihari, Mihaly"]
[Result "1-0"]
[WhiteElo "2025"]
[BlackElo "2048"]
[PlyCount "87"]
[EventDate "2011.09.25"]
[EventType "team-tourn"]
[EventRounds "11"]
[EventCountry "HUN"]
[SourceTitle "EXT 2013"]
[Source "ChessBase"]
[SourceDate "2012.11.22"]
[SourceVersion "1"]
[SourceVersionDate "2012.11.22"]
[SourceQuality "1"]
[WhiteTeam "Maroczy II"]
[BlackTeam "Abony"]
[WhiteTeamCountry "HUN"]
[BlackTeamCountry "HUN"]

1. e4 c5 2. Nf3 Nc6 3. d4 cxd4 4. Nxd4 Nf6 5. Nc3 g6 6. Be3 Bg7 7. f4 0-0 8. e5 Ne8 9. h4 Nxd4 10. Bxd4 d6 11. h5 dxe5 12. fxe5 Qa5 13. hxg6 fxg6 14. Bc4+ e6 15. Qg4 Rf5 16. Bd3 Rxe5+ 17. Bxe5 Qxe5+ 18. Kd2 Nf6 19. Qh4 Bd7 20. Raf1 Rf8 21. Re1 Qh5 22. Qxh5 Nxh5 23. Kc1 Bc6 24. Ne4 Nf4 25. g4 Nxd3+ 26. cxd3 Rc8 27. Kb1 Rd8 28. Rh3 Bb5 29. Nc5 e5 30. a4 b6 31. axb5 bxc5 32. Kc2 Rb8 33. Ra1 Rxb5 34. Rxa7 Rb8 35. Rf3 e4 36. dxe4 Rxb2+ 37. Kc1 Bd4 38. Re7 Rg2 39. e5 Ra2 40. e6 Ra8 41. Rd7 Rf8 42. e7 Rxf3 43. e8Q+ Rf8 44. Qe7 1-0

[Event "Budapest-chT1 Lilienthal 1011"]
[Site "Budapest"]
[Date "2011.02.06"]
[Round "8"]
[White "Szabo, Peter2222"]
[Black "Bihari, Mihaly"]
[Result "1/2-1/2"]
[WhiteElo "1934"]
[BlackElo "2030"]
[PlyCount "115"]
[EventDate "2010.09.19"]
[EventType "team-tourn"]
[EventRounds "11"]
[EventCountry "HUN"]
[SourceTitle "EXT 2020"]
[Source "ChessBase"]
[SourceDate "2019.10.17"]
[SourceVersion "1"]
[SourceVersionDate "2019.10.17"]
[SourceQuality "1"]
[WhiteTeam "Hid Unio"]
[BlackTeam "Fabulon"]
[WhiteTeamCountry "HUN"]
[BlackTeamCountry "HUN"]

1. e4 c5 2. c3 d5 3. exd5 Qxd5 4. d4 Nf6 5. Nf3 Bg4 6. Be2 e6 7. 0-0 Nc6 8. Be3 cxd4 9. Nxd4 Bxe2 10. Qxe2 Nxd4 11. Bxd4 Be7 12. Rd1 Qc6 13. Nd2 0-0 14. Qc4 Qxc4 15. Nxc4 Nd5 16. Ne3 Rfd8 17. Nxd5 Rxd5 18. Be3 Rb5 19. b3 Kf8 20. c4 Ra5 21. Bd2 Ra6 22. Bc3 f6 23. a4 Ke8 24. Rd3 Rc6 25. Kf1 a6 26. Bd4 Rd8 27. Rad1 Rcd6 28. Ke2 e5 29. Bc3 Rxd3 30. Rxd3 Rxd3 31. Kxd3 Kd7 32. Bd2 h5 33. Be3 g5 34. c5 f5 35. f3 Kc6 36. Kc4 a5 37. h3 g4 38. hxg4 hxg4 39. Bd2 Bxc5 40. Bxa5 e4 41. fxg4 f4 42. Bc3 f3 43. gxf3 exf3 44. Kd3 Kd5 45. g5 Ke6 46. g6 Bg1 47. a5 Bc5 48. b4 Ba7 49. b5 Bc5 50. Kd2 Ke7 51. Ke1 Kf8 52. Kf1 Kg8 53. Be5 Be3 54. b6 Bc5 55. Bb8 Kg7 56. a6 bxa6 57. b7 Kxg6 58. Be5 1/2-1/2

[Event "HUN-chT2 Toth 0910"]
[Site "Hungary"]
[Date "2010.04.18"]
[Round "10.6"]
[White "Bihari, Mihaly"]
[Black "Szili, Istvan"]
[Result "1-0"]
[WhiteElo "1992"]
[BlackElo "2041"]
[PlyCount "37"]
[EventDate "2009.11.08"]
[EventType "team-tourn"]
[EventRounds "11"]
[EventCountry "HUN"]
[SourceTitle "EXT 2011"]
[Source "ChessBase"]
[SourceDate "2010.11.26"]
[SourceVersion "1"]
[SourceVersionDate "2010.11.26"]
[SourceQuality "1"]
[WhiteTeam "Abony"]
[BlackTeam "Takisz"]
[WhiteTeamCountry "HUN"]
[BlackTeamCountry "HUN"]

1. c4 c6 2. Nc3 e6 3. Nf3 Nf6 4. e4 d5 5. e5 Ne4 6. Qc2 Nxc3 7. bxc3 Be7 8. d4 0-0 9. Bd3 h6 10. a4 dxc4 11. Bxc4 c5 12. 0-0 cxd4 13. cxd4 Nc6 14. Be3 Na5 15. Ba2 f5 16. exf6 Bxf6 17. Rad1 Qe7 18. d5 exd5 19. Rxd5 1-0

[Event "HUN-chT2"]
[Site "Hungary"]
[Date "1996.??.??"]
[Round "?"]
[White "Bihari, Mihaly"]
[Black "Veres, Istvan"]
[Result "1-0"]
[WhiteElo "2010"]
[BlackElo "2135"]
[PlyCount "87"]
[EventDate "1996.??.??"]
[EventType "team"]
[EventRounds "13"]
[EventCountry "HUN"]
[SourceTitle "EXT 2006"]
[Source "ChessBase"]
[SourceDate "2005.11.24"]
[SourceVersion "1"]
[SourceVersionDate "2005.11.24"]
[SourceQuality "1"]

1. c4 e5 2. Nc3 g6 3. g3 Bg7 4. Bg2 c6 5. e3 Ne7 6. Nge2 0-0 7. 0-0 d5 8. cxd5 cxd5 9. d4 e4 10. b4 Be6 11. Nf4 Qd7 12. Qb3 Rd8 13. a4 Nbc6 14. a5 b6 15. Na4 Nc8 16. Bd2 Bf8 17. axb6 Nxb6 18. b5 Ne7 19. Nc5 Qc8 20. Ncxe6 fxe6 21. Ba5 Qd7 22. Rfc1 Rdc8 23. Rxc8 Rxc8 24. Bh3 Nf5 25. Bb4 Bh6 26. Bc5 Bxf4 27. gxf4 Nh4 28. Qa3 Rc7 29. Qa6 Rb7 30. Kh1 Nf5 31. Bg4 Kf7 32. Be2 Ne7 33. Qa3 Nec8 34. Qb4 Na8 35. Qa5 Nab6 36. Kg2 Nd6 37. Bxb6 axb6 38. Qa8 Nc8 39. Rc1 Rc7 40. Rc6 Kg7 41. Bg4 Na7 42. Bxe6 Qe7 43. Rxc7 Qxc7 44. Qxd5 1-0